[Event "Championnat de France Minimes"]
[Site "MONTBELIARD"]
[Date "2014.04.24"]
[Round "6.1"]
[White "Rodriguez, Adrien"]
[Black "Bellahcene, Bilel"]
[Result "0-1"]
[WhiteElo "2180"]
[BlackElo "2320"]
[PlyCount "76"]
[EventDate "2014.??.??"]

1. d4 Nf6 2. Nf3 g6 3. c4 Bg7 4. g3 O-O 5. Bg2 d6 6. O-O Nbd7 7. Nc3 e5 8. Qc2
c6 9. Rd1 Qc7 10. b3 Re8 11. e4 a6 12. Bb2 Rb8 13. Rac1 b6 14. Qd2 Bb7 15. d5
Nc5 16. Ne1 cxd5 17. cxd5 a5 18. Bf1 Ng4 19. Qc2 f5 20. exf5 gxf5 21. Qxf5 Bc8
22. Qh5 Rf8 23. Ne4 Qe7 24. Nxc5 bxc5 25. Nd3 Nh6 26. Bh3 e4 27. Bxg7 Qxg7 28.
Bxc8 Rbxc8 29. Ne1 Ng4 30. Rc4 Kh8 31. Rdc1 Nxf2 32. Kg2 Ng4 33. R4c3 Rf2+ 34.
Kg1 Rcf8 35. R3c2 Rf1+ 36. Kg2 Ne3+ 37. Kh3 Nxc2 38. Rxc2 Rxe1 0-1

[Event "Championnat de France Minimes"]
[Site "MONTBELIARD"]
[Date "2014.04.24"]
[Round "6.2"]
[White "Rakotomaharo, Antenaina"]
[Black "Meunier, Clement"]
[Result "1/2-1/2"]
[WhiteElo "2045"]
[BlackElo "2121"]
[PlyCount "110"]
[EventDate "2014.??.??"]

1. d4 Nf6 2. c4 g6 3. Nc3 Bg7 4. e4 d6 5. Be2 c5 6. Nf3 Bg4 7. dxc5 Qa5 8. O-O
dxc5 9. Ne5 Bxe2 10. Qxe2 O-O 11. Rd1 Qc7 12. Nd3 b6 13. e5 Ne8 14. Nd5 Qb7 15.
Qf3 Kh8 16. Nxe7 Qxf3 17. gxf3 Nc7 18. Bg5 Nd7 19. Nd5 Ne6 20. Be7 Rfe8 21. f4
Rac8 22. a4 Nd4 23. Bd6 f6 24. Nc7 Red8 25. e6 Nf8 26. e7 Rxd6 27. e8=Q Rxe8
28. Nxe8 Rd7 29. f5 Nxf5 30. Nf4 Nd4 31. Nd5 f5 32. Nxg7 Kxg7 33. Ra3 Nfe6 34.
Re3 Kf7 35. f4 Rd6 36. Kf2 a6 37. h4 h6 38. Rh1 b5 39. axb5 axb5 40. Ra3 bxc4
41. Ra7+ Kf8 42. Ne3 Nxf4 43. Rha1 Nd3+ 44. Kf1 Re6 45. Nxc4 Re7 46. Rxe7 Kxe7
47. Ra6 Ne6 48. Ra7+ Kf6 49. Rh7 Nf8 50. Rc7 Ne6 51. Rd7 Ndf4 52. Nd6 g5 53.
Rf7+ Ke5 54. Nxf5 Nd8 55. Nxh6 Nxf7 1/2-1/2

[Event "Championnat de France Minimes"]
[Site "MONTBELIARD"]
[Date "2014.04.24"]
[Round "6.3"]
[White "Flick, Antoine"]
[Black "Delpierre, Elie"]
[Result "1-0"]
[WhiteElo "2045"]
[BlackElo "1877"]
[PlyCount "119"]
[EventDate "2014.??.??"]

1. d4 Nf6 2. Nf3 e6 3. c4 d5 4. g3 Nc6 5. Bg2 dxc4 6. Qa4 Bb4+ 7. Bd2 Nd5 8.
Bxb4 Ndxb4 9. O-O O-O 10. Na3 a6 11. Ne5 Nxe5 12. Qxb4 Qxd4 13. Rad1 Qg4 14.
Qc3 Qh5 15. Nxc4 Ng4 16. h3 Nf6 17. Qe5 Qxe5 18. Nxe5 Re8 19. Rd3 Nd5 20. e4
Nb6 21. Rc1 f6 22. Nf3 Re7 23. Nd2 e5 24. Nb3 Na4 25. Rd8+ Kf7 26. Rc2 b6 27.
Bf1 Bb7 28. Rxa8 Bxa8 29. Bxa6 c6 30. Be2 Rd7 31. Kf1 Ke7 32. Ke1 Bb7 33. h4
Rd8 34. f3 Ke8 35. Kf2 Ke7 36. Ke3 Kf8 37. f4 Re8 38. f5 Rd8 39. g4 h6 40. Bd3
Ke7 41. Rg2 Rh8 42. a3 Kd6 43. Bc4 Ke7 44. Rh2 Kd6 45. Rd2+ Kc7 46. Rc2 Kb8 47.
Nc1 Rd8 48. b3 Nc5 49. b4 Nd7 50. Nb3 Ka7 51. Rc1 Kb8 52. Rd1 Kc7 53. a4 Nb8
54. Rg1 Na6 55. b5 cxb5 56. Bxb5 Nb4 57. Rc1+ Kb8 58. Be2 Bc6 59. Rc4 Bb7 60.
Rc1 1-0

[Event "Championnat de France Minimes"]
[Site "MONTBELIARD"]
[Date "2014.04.24"]
[Round "6.4"]
[White "De Lussac, Rainier"]
[Black "Albaric, Etienne"]
[Result "1-0"]
[WhiteElo "1866"]
[BlackElo "1960"]
[PlyCount "59"]
[EventDate "2014.??.??"]

1. d4 Nf6 2. Bg5 d5 3. Bxf6 exf6 4. e3 c6 5. c4 dxc4 6. Bxc4 Bd6 7. Nc3 O-O 8.
Qh5 Be6 9. Bd3 f5 10. Nge2 Nd7 11. Qf3 g6 12. h4 Nf6 13. h5 Kg7 14. O-O-O Qa5
15. g4 Nxg4 16. Rdg1 b5 17. Rxg4 b4 18. Nd1 c5 19. d5 c4 20. Bxc4 Rfc8 21. dxe6
Qxa2 22. Kd2 Qa5 23. Qd5 Qc7 24. h6+ Kf8 25. Rd4 Bc5 26. e7+ Qxe7 27. Qxf7+
Qxf7 28. Bxf7 Bxd4 29. Bd5 Rd8 30. Bxa8 1-0

[Event "Championnat de France Minimes"]
[Site "MONTBELIARD"]
[Date "2014.04.24"]
[Round "6.5"]
[White "Caloone, Thomas"]
[Black "De Hooghe, Albert"]
[Result "1/2-1/2"]
[WhiteElo "1973"]
[BlackElo "1868"]
[PlyCount "56"]
[EventDate "2014.??.??"]

1. e4 e6 2. d4 d5 3. exd5 exd5 4. Nf3 Bd6 5. Bd3 Ne7 6. h3 Bf5 7. Bxf5 Nxf5 8.
Qe2+ Qe7 9. Qxe7+ Nxe7 10. O-O f6 11. Nc3 c6 12. h4 Kf7 13. Re1 Nd7 14. Ne2
Rae8 15. Bf4 Nc8 16. g3 Re7 17. c3 Rhe8 18. Kf1 g6 19. Nd2 Ndb6 20. b3 Bxf4 21.
Nxf4 Nd6 22. Rxe7+ Rxe7 23. Re1 Rxe1+ 24. Kxe1 Ke7 25. Ke2 Kf7 26. Kf3 Ke7 27.
Ke2 Kf7 28. Kf3 Ke7 1/2-1/2

[Event "Championnat de France Minimes"]
[Site "MONTBELIARD"]
[Date "2014.04.25"]
[Round "7.2"]
[White "Meunier, Clement"]
[Black "Flick, Antoine"]
[Result "1-0"]
[WhiteElo "2121"]
[BlackElo "2045"]
[PlyCount "45"]
[EventDate "2014.??.??"]

1. d4 Nf6 2. c4 g6 3. Nc3 d5 4. cxd5 Nxd5 5. e4 Nxc3 6. bxc3 Bg7 7. Bc4 c5 8.
Be3 Nc6 9. Ne2 O-O 10. Rc1 Bg4 11. f3 Bd7 12. h4 Qa5 13. Kf2 cxd4 14. cxd4 h5
15. g4 hxg4 16. h5 gxh5 17. Ng3 Rfd8 18. Rxh5 Qa3 19. Rg5 Kf8 20. Qh1 Qd6 21.
Qh7 Qf6 22. Nf5 e6 23. Rxg7 1-0

[Event "Championnat de France Minimes"]
[Site "MONTBELIARD"]
[Date "2014.04.25"]
[Round "7.3"]
[White "Ek, Alexandre"]
[Black "De Lussac, Rainier"]
[Result "1-0"]
[WhiteElo "2022"]
[BlackElo "1866"]
[PlyCount "113"]
[EventDate "2014.??.??"]

1. e4 c5 2. Nf3 e6 3. c3 Nf6 4. Bd3 d5 5. e5 Nfd7 6. Bc2 Nc6 7. d4 Be7 8. O-O
b5 9. Re1 Nb6 10. Nbd2 Bd7 11. Nb3 cxd4 12. Nfxd4 Nxd4 13. Nxd4 b4 14. Qg4 g6
15. Bh6 Rc8 16. Qf4 bxc3 17. b3 Bf8 18. Bxf8 Rxf8 19. Qh6 Rc5 20. Re3 Nc8 21.
Qh3 Qc7 22. f4 Ne7 23. Rd1 Nc6 24. Nxc6 Qxc6 25. Rd4 h5 26. Qh4 Ra5 27. a4 Qc5
28. f5 Qa3 29. Rb4 Rc5 30. Rb8+ Rc8 31. Rxc8+ Bxc8 32. Qe1 d4 33. Rd3 Qc5 34.
Qe4 exf5 35. Qxd4 Qxd4+ 36. Rxd4 Ke7 37. Rc4 Bd7 38. Rxc3 Rc8 39. Rxc8 Bxc8 40.
b4 Be6 41. h4 Bc4 42. Kf2 Ke6 43. Ke3 Kxe5 44. g3 f6 45. Bd1 Bf1 46. Bb3 Bg2
47. Bf7 g5 48. Bxh5 Bd5 49. Be2 Be6 50. b5 f4+ 51. gxf4+ gxf4+ 52. Kf2 Kd4 53.
Kf3 Kc5 54. Kxf4 Bb3 55. a5 Kb4 56. b6 Kxa5 57. b7 1-0

[Event "Championnat de France Minimes"]
[Site "MONTBELIARD"]
[Date "2014.04.25"]
[Round "7.4"]
[White "Guerry, Emilien"]
[Black "Veys, Vincent"]
[Result "0-1"]
[WhiteElo "1791"]
[BlackElo "2201"]
[PlyCount "52"]
[EventDate "2014.??.??"]

1. e4 e5 2. Nf3 Nc6 3. Bb5 a6 4. Ba4 Nf6 5. O-O Be7 6. Re1 b5 7. Bb3 d6 8. h3
O-O 9. c3 Nb8 10. d4 Nbd7 11. Nbd2 Bb7 12. Bc2 Re8 13. Nf1 Bf8 14. Ng3 g6 15.
Be3 exd4 16. Qxd4 Bg7 17. Bg5 h6 18. Bxf6 Bxf6 19. Qd2 h5 20. Bb3 h4 21. Qh6
Nf8 22. Nh5 gxh5 23. Qxh5 Ne6 24. Nh2 Bg7 25. f4 c5 26. f5 Qg5 0-1

[Event "Championnat de France Minimes"]
[Site "MONTBELIARD"]
[Date "2014.04.25"]
[Round "7.5"]
[White "De Hooghe, Albert"]
[Black "Rodriguez, Adrien"]
[Result "0-1"]
[WhiteElo "1868"]
[BlackElo "2180"]
[PlyCount "90"]
[EventDate "2014.??.??"]

1. d4 Nf6 2. c4 e6 3. Nc3 c5 4. d5 exd5 5. cxd5 d6 6. e4 g6 7. f4 Bg7 8. Bb5+
Nfd7 9. a4 O-O 10. Nf3 Nf6 11. h3 Na6 12. O-O Nc7 13. Re1 Nxb5 14. Nxb5 Re8 15.
Nc3 Nd7 16. Qd3 a6 17. Be3 Rb8 18. Re2 b5 19. axb5 axb5 20. Nxb5 Qb6 21. Nc3
Bb7 22. Bf2 Ra8 23. Rxa8 Rxa8 24. Qd2 Rb8 25. Qd1 Ba6 26. Rd2 Qb4 27. Qe1 Nb6
28. e5 Nc4 29. Rd1 Re8 30. e6 fxe6 31. dxe6 Nxb2 32. Nd5 Qxe1+ 33. Rxe1 Bc4 34.
Nc7 Re7 35. Bh4 Rxc7 36. e7 Bb5 37. e8=Q+ Bxe8 38. Rxe8+ Kf7 39. Rd8 Ke6 40.
Ng5+ Kd5 41. g4 Bf6 42. Rb8 c4 43. Rb5+ Rc5 44. Rxc5+ dxc5 45. Kf1 c3 0-1

[Event "Championnat de France Minimes"]
[Site "MONTBELIARD"]
[Date "2014.04.26"]
[Round "8.1"]
[White "Meunier, Clement"]
[Black "Bellahcene, Bilel"]
[Result "0-1"]
[WhiteElo "2121"]
[BlackElo "2320"]
[PlyCount "62"]
[EventDate "2014.??.??"]

1. d4 Nf6 2. c4 b6 3. Nc3 Bb7 4. f3 d5 5. cxd5 Nxd5 6. e4 Nxc3 7. bxc3 e5 8.
Be3 exd4 9. cxd4 Bb4+ 10. Kf2 O-O 11. Bc4 Qf6 12. Qc2 c5 13. Ne2 Nc6 14. dxc5
Ne5 15. Bd4 Bxc5 16. Bxc5 bxc5 17. Rhe1 Rad8 18. Kg1 h5 19. Rab1 Bc8 20. Bd5
Ba6 21. Qc3 Rb8 22. Ng3 g6 23. Rxb8 Rxb8 24. Qxc5 h4 25. Nf1 Rb2 26. Qe3 h3 27.
Nd2 hxg2 28. Kxg2 Nxf3 29. Rd1 Be2 30. e5 Qxe5 31. Nc4 Qxh2# 0-1

[Event "Championnat de France Minimes"]
[Site "MONTBELIARD"]
[Date "2014.04.26"]
[Round "8.2"]
[White "Veys, Vincent"]
[Black "Ek, Alexandre"]
[Result "1-0"]
[WhiteElo "2201"]
[BlackElo "2022"]
[PlyCount "77"]
[EventDate "2014.??.??"]

1. e4 c5 2. Nf3 a6 3. Nc3 Nc6 4. d4 cxd4 5. Nxd4 e6 6. Nxc6 bxc6 7. e5 Qa5 8.
f4 Bb4 9. Bd2 Bxc3 10. Bxc3 Qc7 11. Bd3 Ne7 12. f5 exf5 13. O-O Nd5 14. Bd4 c5
15. c4 Ne7 16. Bc3 g6 17. Qe1 Rg8 18. Qh4 h5 19. Rad1 Bb7 20. Qg5 Qc6 21. Be2
Qc7 22. Rd6 Nc6 23. Rxf5 Qd8 24. Rff6 Qe7 25. Bf3 Nd8 26. Bxb7 Nxb7 27. Rd5 Nd8
28. Qe3 Ne6 29. Rf1 Rb8 30. Rfd1 Rb7 31. Rd6 Ra7 32. b4 Kf8 33. bxc5 Rc7 34.
Ba5 Rxc5 35. Rxe6 Qxe6 36. Qxc5+ Kg7 37. Qd5 Qg4 38. Rf1 Rf8 39. Bb4 1-0

[Event "Championnat de France Minimes"]
[Site "MONTBELIARD"]
[Date "2014.04.26"]
[Round "8.3"]
[White "Bouvet, Florian"]
[Black "Rodriguez, Adrien"]
[Result "0-1"]
[WhiteElo "1780"]
[BlackElo "2180"]
[PlyCount "76"]
[EventDate "2014.??.??"]

1. e4 c5 2. Nf3 d6 3. d4 cxd4 4. Qxd4 Nc6 5. Bb5 Bd7 6. Bxc6 Bxc6 7. Nc3 Nf6 8.
Bg5 e6 9. O-O-O Be7 10. Qd3 O-O 11. Nd4 Rc8 12. f4 Qa5 13. Kb1 Rfd8 14. f5 Bd7
15. h4 Qa6 16. Qf3 b5 17. g4 b4 18. Nce2 e5 19. Bxf6 gxf6 20. Nb3 Qc4 21. Rc1
Bb5 22. Ng3 a5 23. Nd2 Qd4 24. Nb3 Qb6 25. g5 a4 26. gxf6 Bxf6 27. Nh5 Bh8 28.
Rhg1+ Kf8 29. Nd2 Qd4 30. f6 a3 31. bxa3 bxa3 32. Qxa3 Qxd2 33. Qa7 Qb4+ 34.
Ka1 Qc3+ 35. Kb1 Bd7 36. Rce1 Qxc2+ 37. Ka1 Qc3+ 38. Kb1 Rb8+ 0-1

[Event "Championnat de France Minimes"]
[Site "MONTBELIARD"]
[Date "2014.04.26"]
[Round "8.5"]
[White "Rakotomaharo, Antenaina"]
[Black "Duquesne, Adrien"]
[Result "1-0"]
[WhiteElo "2045"]
[BlackElo "1849"]
[PlyCount "69"]
[EventDate "2014.??.??"]

1. d4 d5 2. c4 e6 3. Nc3 Nf6 4. Bg5 Be7 5. e3 O-O 6. Qc2 Nbd7 7. Nf3 b6 8. cxd5
exd5 9. Bd3 h6 10. Bf4 Bb7 11. g4 c5 12. h4 cxd4 13. Nxd4 Ne4 14. g5 h5 15. g6
Ndc5 16. O-O-O Nxd3+ 17. Rxd3 Ba6 18. Rdd1 Nxc3 19. bxc3 Qd7 20. Kb1 Bf6 21.
Rhg1 Bxd4 22. Rxd4 f6 23. Ka1 Rfd8 24. e4 Qe6 25. Qd1 Qh3 26. Bg3 Qg4 27. Qxg4
hxg4 28. exd5 Rac8 29. Kb2 f5 30. Re1 Re8 31. Re6 Rxe6 32. dxe6 Kf8 33. Rd7 Rc4
34. Bd6+ Ke8 35. Rf7 1-0

[Event "Championnat de France Minimes"]
[Site "MONTBELIARD"]
[Date "2014.04.27"]
[Round "9.1"]
[White "Philippe, Guillaume"]
[Black "Bellahcene, Bilel"]
[Result "0-1"]
[WhiteElo "1792"]
[BlackElo "2320"]
[PlyCount "102"]
[EventDate "2014.??.??"]

1. e4 c5 2. Nf3 d6 3. d4 cxd4 4. Nxd4 Nf6 5. Nc3 a6 6. Bc4 g6 7. Bb3 Bg7 8. f3
b5 9. Be3 Bb7 10. a4 b4 11. Na2 a5 12. c3 bxc3 13. Nxc3 O-O 14. O-O Na6 15.
Ndb5 Nb4 16. Qd2 Qd7 17. Rfd1 Bc6 18. Qf2 Qb7 19. Rd2 d5 20. e5 Nd7 21. f4 e6
22. Bd1 f6 23. Bg4 fxe5 24. Bxe6+ Kh8 25. Nd6 Qc7 26. Nf7+ Rxf7 27. Bxf7 d4 28.
f5 dxe3 29. Qxe3 gxf5 30. Qg5 Nc5 31. Bc4 Ne4 32. Nxe4 Bxe4 33. Rad1 Rf8 34.
Rd8 Qb6+ 35. Kf1 Qg6 36. Qxg6 hxg6 37. Rxf8+ Bxf8 38. Rd8 Kg7 39. Rd7+ Kh6 40.
Ra7 Nc2 41. Ke2 Nd4+ 42. Kf1 Bb4 43. Rc7 Bc2 44. Bb5 Kg5 45. Kf2 Bb3 46. g3 f4
47. gxf4+ Kxf4 48. Be8 e4 49. Rc3 Bxc3 50. bxc3 e3+ 51. Kf1 Bc4+ 0-1

[Event "Championnat de France Minimes"]
[Site "MONTBELIARD"]
[Date "2014.04.27"]
[Round "9.2"]
[White "Rodriguez, Adrien"]
[Black "Veys, Vincent"]
[Result "1-0"]
[WhiteElo "2180"]
[BlackElo "2201"]
[PlyCount "60"]
[EventDate "2014.??.??"]

1. d4 d5 2. Nf3 Nf6 3. c4 c6 4. e3 Bg4 5. Nbd2 e6 6. Be2 Bd6 7. O-O Nbd7 8. b3
O-O 9. Bb2 Qb8 10. h3 Bh5 11. Qc2 e5 12. dxe5 Nxe5 13. Rfe1 Bg6 14. Qc3 Re8 15.
Nd4 c5 16. N4f3 Qc7 17. Rad1 Rad8 18. Qc1 d4 19. exd4 Nxf3+ 20. Bxf3 Rxe1+ 21.
Rxe1 cxd4 22. Qa1 Bb4 23. Qc1 a5 24. Rd1 Bc5 25. Nf1 Be4 26. Bxe4 Nxe4 27. Rd3
Qe5 28. Ng3 Nf6 29. Qd1 h5 30. Ne2 Re8 1-0

[Event "Championnat de France Minimes"]
[Site "MONTBELIARD"]
[Date "2014.04.27"]
[Round "9.3"]
[White "Jrade, Willis"]
[Black "Rakotomaharo, Antenaina"]
[Result "1/2-1/2"]
[WhiteElo "1889"]
[BlackElo "2045"]
[PlyCount "106"]
[EventDate "2014.??.??"]

1. e4 c5 2. Nf3 g6 3. d4 cxd4 4. Nxd4 Nf6 5. Nc3 d6 6. Be3 Bg7 7. f3 Nc6 8. Qd2
O-O 9. Bc4 Bd7 10. h4 h5 11. O-O-O Ne5 12. Bb3 Qa5 13. Bg5 Rfc8 14. Nd5 Qxd2+
15. Rxd2 Kf8 16. Nxf6 exf6 17. Bf4 a5 18. a4 Rc5 19. Rhd1 g5 20. hxg5 fxg5 21.
Bxg5 Nd3+ 22. Rxd3 Rxg5 23. Rg1 Be5 24. g4 hxg4 25. fxg4 Rxg4 26. Rxg4 Bxg4 27.
Bd5 Rb8 28. Kb1 Bd7 29. b3 Ke7 30. Nf3 Bf6 31. Nd4 Be5 32. Nf3 Bf4 33. Nd4 Bg4
34. Rc3 Rc8 35. Rxc8 Bxc8 36. c3 b6 37. Kc2 Bh3 38. Ne2 Be5 39. Kd2 Bd7 40. Ke3
Kf6 41. Kd3 b5 42. axb5 Bxb5+ 43. c4 Bd7 44. Nd4 Bg3 45. Nc6 Be1 46. Nd8 Be8
47. Bc6 Ke7 48. Bxe8 Kxd8 49. Bxf7 Ke7 50. Bg6 Kf6 51. Bf5 Ke5 52. Bd7 Bb4 53.
Bc6 Be1 1/2-1/2

[Event "Championnat de France Minimes"]
[Site "MONTBELIARD"]
[Date "2014.04.27"]
[Round "9.4"]
[White "Delpierre, Elie"]
[Black "Meunier, Clement"]
[Result "0-1"]
[WhiteElo "1877"]
[BlackElo "2121"]
[PlyCount "66"]
[EventDate "2014.??.??"]

1. d4 Nf6 2. c4 c5 3. d5 b5 4. cxb5 a6 5. b6 e6 6. Nc3 Nxd5 7. Nxd5 exd5 8.
Qxd5 Nc6 9. Bd2 Be7 10. Bc3 O-O 11. e3 Rb8 12. Rd1 Rxb6 13. Be2 d6 14. Bf3 Be6
15. Qh5 g6 16. Qh6 Bf6 17. h4 Bxc3+ 18. bxc3 Qf6 19. Ne2 Ne5 20. h5 Qg7 21.
Qxg7+ Kxg7 22. Nc1 f5 23. Bd5 Bxd5 24. Rxd5 g5 25. Kd1 Kf6 26. f3 Ke6 27. Rd2
Rb1 28. Re1 Rfb8 29. f4 Nc4 30. Rc2 Na3 31. Rce2 d5 32. fxg5 Ke5 33. Rf1 Rxc1+
0-1

[Event "Championnat de France Minimes"]
[Site "MONTBELIARD"]
[Date "2014.04.27"]
[Round "9.5"]
[White "Ek, Alexandre"]
[Black "Bouvet, Florian"]
[Result "1/2-1/2"]
[WhiteElo "2022"]
[BlackElo "1780"]
[PlyCount "98"]
[EventDate "2014.??.??"]

1. e4 c5 2. Nf3 e6 3. c3 Nf6 4. e5 Nd5 5. d4 cxd4 6. cxd4 d6 7. Bc4 Nb6 8. Bd3
Nc6 9. a3 Qc7 10. Bf4 Nd5 11. Bg3 dxe5 12. dxe5 Bd7 13. O-O Be7 14. Nbd2 O-O
15. Qe2 Rfc8 16. Rac1 a6 17. Qe4 g6 18. Bh4 Bf8 19. Bf6 Nxf6 20. exf6 Bh6 21.
Qh4 Qf4 22. Qxf4 Bxf4 23. g3 Bh6 24. Rcd1 b5 25. Nb3 Rc7 26. Be4 Be8 27. Rd3
Rd8 28. Rfd1 Rcd7 29. Rxd7 Rxd7 30. Rxd7 Bxd7 31. Nc5 Nb8 32. Ne5 Bc8 33. f4 g5
34. Ncd3 Nd7 35. Nxd7 Bxd7 36. Ne5 Be8 37. Ng4 Bf8 38. b4 gxf4 39. gxf4 a5 40.
bxa5 Bxa3 41. a6 Bc5+ 42. Kf1 b4 43. Ke2 b3 44. Kd2 Bb5 45. Kc3 Bxa6 46. Kxb3
Be2 47. Nh6+ Kf8 48. Bxh7 Be3 49. Bg8 Bxf4 1/2-1/2